| 000 | 00715nam a22002177a 4500 | ||
|---|---|---|---|
| 999 |
_c3015 _d3015 |
||
| 003 | AR-CdUCM | ||
| 008 | 190305b ||||| |||| 00| 0 esp d | ||
| 020 | _aISBN | ||
| 040 |
_aMUNICIPALIDAD PROVINCIAL DEL CUSCO _cBIBLIOTECA MUNICIPAL DEL CUSCO |
||
| 082 |
_a848.9 / _bR79 |
||
| 100 |
_aRolland, Romain _910292 |
||
| 245 |
_aJuan Cristobal : _bel Alba / _cRomain Rolland |
||
| 260 |
_aParis ; _bSociedad de Ed. literarias y artísticas, |
||
| 300 |
_a239 paginas ; _c20 cm. |
||
| 505 | _aLa muerte de Juan Miguel -- Oto -- Mina. | ||
| 650 |
_aNovela francesa _92590 |
||
| 650 |
_aHéroe que personifica la esperanza _910293 |
||
| 700 |
_a Miguel de Toro y Gómez _910294 |
||
| 942 |
_2ddc _cLIBROS |
||
| 945 | _aacrt | ||